000 00262nam a2200109Ia 4500
008 220204s9999 xx 000 0 und d
082 _a69(083.7)
_bNAG
100 _aNagarajan, R
245 0 _aStandards in building
260 _aLondon
_bPitman
_c1976
942 _cBK
999 _c27868
_d27868